[Event "Open"]
[Site "Toscolano-Maderno ITA"]
[Date "1995.10.17"]
[Round "4"]
[White "Peric, Slavisa"]
[Black "Kania, Andreas"]
[Result "1/2-1/2"]
[WhiteElo "2250"]
[BlackElo "2235"]
[PlyCount "93"]
[EventDate "1995.10.14"]

1. e4 e6 2. d4 d5 3. Nd2 Nf6 4. e5 Nfd7 5. f4 c5 6. c3 Nc6 7. Ndf3 Qa5 8. Bd2
cxd4 9. cxd4 Qb6 10. Bc3 Be7 11. Bd3 f6 12. Nh3 Nf8 13. O-O Bd7 14. Qd2 a5 15.
Kh1 f5 16. Nf2 Nb4 17. Bb1 Bb5 18. Rd1 Nc6 19. Nd3 h6 20. Nf2 Rg8 21. Bd3 Nd7
22. Rac1 Bxd3 23. Nxd3 g5 24. Qe3 g4 25. Ng1 h5 26. Rb1 Kf7 27. Ne2 Nb4 28.
Ndc1 Rh8 29. Be1 Qa6 30. Nc3 Nc2 31. Qf2 Bh4 32. g3 Nxe1 33. Qxe1 Be7 34. Qe2
h4 35. Qxa6 Rxa6 36. Kg2 Rc6 37. Nb3 b6 38. Rbc1 Rhc8 39. Nb5 Rc2+ 40. Rxc2
Rxc2+ 41. Rd2 h3+ 42. Kf2 Rc6 43. Rd1 Nb8 44. Rc1 Rxc1 45. Nxc1 Ke8 46. Ke3 Kd7
47. Ne2 1/2-1/2

[Event "Open"]
[Site "Toscolano-Maderno ITA"]
[Date "1995.10.18"]
[Round "5"]
[White "Agnelli, Francesco"]
[Black "Simon, Laurent"]
[Result "0-1"]
[WhiteElo "1979"]
[BlackElo "2095"]
[PlyCount "78"]
[EventDate "1995.10.14"]

1. e4 e5 2. Nf3 Nc6 3. Bb5 Nge7 4. d3 g6 5. Nbd2 Bg7 6. c3 O-O 7. Qe2 d6 8. Ba4
Rb8 9. Nf1 b5 10. Bc2 d5 11. Ng3 b4 12. O-O Ba6 13. Rd1 h6 14. Qe1 Bc8 15. h3
Be6 16. Qe2 Kh7 17. Be3 f5 18. exf5 gxf5 19. Nh5 Bh8 20. Bc5 Bf7 21. Ng3 bxc3
22. bxc3 Be8 23. Ba4 Bd7 24. Bxc6 Nxc6 25. Bxf8 Qxf8 26. Rab1 Rxb1 27. Rxb1 e4
28. dxe4 fxe4 29. Nd4 Nxd4 30. cxd4 Bxd4 31. Rb3 Bb6 32. Nf1 Qf6 33. Rg3 c5 34.
Kh1 c4 35. Ne3 Qa1+ 36. Nf1 c3 37. f4 c2 38. Qxc2 Qxf1+ 39. Kh2 Qg1# 0-1

[Event "Open"]
[Site "Toscolano-Maderno ITA"]
[Date "1995.10.18"]
[Round "5"]
[White "Di Lazzaro, Gabriele"]
[Black "Stantic, Severino"]
[Result "1/2-1/2"]
[WhiteElo "2115"]
[BlackElo "1935"]
[PlyCount "122"]
[EventDate "1995.10.14"]

1. Nf3 d5 2. g3 Nd7 3. d4 Ngf6 4. Bg2 e6 5. O-O Be7 6. Nbd2 b6 7. c4 c6 8. b3
O-O 9. Bb2 Bb7 10. Qc2 Rc8 11. Rac1 Bd6 12. e4 dxe4 13. Nxe4 Be7 14. Rcd1 Qc7
15. Nxf6+ Nxf6 16. Ne5 Rfd8 17. Qe2 c5 18. dxc5 Bxc5 19. Ng4 Nxg4 20. Qxg4 Bf8
21. h4 Bxg2 22. Kxg2 Rxd1 23. Rxd1 Rd8 24. Rd4 Rxd4 25. Qxd4 f6 26. Qe4 Qd7 27.
Qa8 Kf7 28. Qe4 g6 29. h5 Bg7 30. hxg6+ hxg6 31. Qa8 g5 32. Ba3 f5 33. Kh2 Qc7
34. Qf3 Kf6 35. Qe3 Qc6 36. c5 e5 37. cxb6 axb6 38. Bb2 f4 39. Qc3 Qxc3 40.
Bxc3 Kf5 41. gxf4 gxf4 42. f3 Bf8 43. Kg2 Ba3 44. Kf2 e4 45. Ke2 Bd6 46. a4
exf3+ 47. Kxf3 Bc7 48. b4 Kg5 49. Bd4 Kf5 50. Bf2 Bd8 51. Bg1 Be7 52. Bh2 Bd6
53. a5 bxa5 54. bxa5 Bb8 55. a6 Ba7 56. Bxf4 Ke6 57. Ke4 Kd7 58. Kd5 Kc8 59.
Kc6 Bg1 60. Be5 Bf2 61. Bg3 Be3 1/2-1/2

[Event "Open"]
[Site "Toscolano-Maderno ITA"]
[Date "1995.10.18"]
[Round "5"]
[White "Dusi, Valerio"]
[Black "Duarte, Riccardo"]
[Result "0-1"]
[WhiteElo "1905"]
[BlackElo "2050"]
[PlyCount "46"]
[EventDate "1995.10.14"]

1. d4 b5 2. Nf3 Bb7 3. g3 e6 4. Bg2 c5 5. c3 cxd4 6. cxd4 Bb4+ 7. Nbd2 Nf6 8.
O-O a6 9. a3 Be7 10. Nb3 d6 11. Bd2 a5 12. Re1 O-O 13. Bc3 Nbd7 14. Qd3 a4 15.
Nbd2 Ba6 16. Bb4 Nd5 17. e4 Nxb4 18. axb4 d5 19. exd5 Bxb4 20. dxe6 fxe6 21.
Ne4 Bxe1 22. Neg5 Bxf2+ 23. Kxf2 Qxg5 0-1

[Event "Open"]
[Site "Toscolano-Maderno ITA"]
[Date "1995.10.18"]
[Round "5"]
[White "Kania, Andreas"]
[Black "Gorelli Fagiolini, Marco"]
[Result "1-0"]
[WhiteElo "2235"]
[BlackElo "2074"]
[PlyCount "57"]
[EventDate "1995.10.14"]

1. e4 d6 2. d4 Nf6 3. Nc3 g6 4. Nf3 Bg7 5. h3 O-O 6. Be3 a6 7. a4 b6 8. Be2 c5
9. e5 Nfd7 10. dxc5 Nxc5 11. exd6 exd6 12. Nd4 Bb7 13. O-O d5 14. a5 Nbd7 15.
axb6 Qxb6 16. Nb3 Bxc3 17. bxc3 Qc7 18. Na5 Ne4 19. Qd4 Nxc3 20. Bd3 Rfc8 21.
Rfe1 Nf8 22. Bf4 Qd7 23. Qf6 Rc6 24. Nxc6 Qxc6 25. Qxc6 Bxc6 26. Rxa6 Rc8 27.
Rb6 Nd7 28. Rb3 d4 29. Rb4 1-0

[Event "Open"]
[Site "Toscolano-Maderno ITA"]
[Date "1995.10.18"]
[Round "5"]
[White "Medancic, Rikard"]
[Black "Cugini, Verter"]
[Result "1-0"]
[WhiteElo "2340"]
[BlackElo "2235"]
[PlyCount "97"]
[EventDate "1995.10.14"]

1. d4 d6 2. c4 e5 3. d5 g6 4. e4 Bg7 5. Bd3 Ne7 6. Nc3 Na6 7. Bc2 O-O 8. Nge2
f5 9. exf5 Bxf5 10. O-O Bxc2 11. Qxc2 Nf5 12. Rb1 Qh4 13. Qe4 Qxe4 14. Nxe4 Nc5
15. Nxc5 dxc5 16. Nc3 Nd6 17. b3 e4 18. Bb2 Rae8 19. Ne2 a6 20. Bxg7 Kxg7 21.
Rbc1 Re7 22. Rc2 Nf5 23. Re1 Rfe8 24. Rb2 g5 25. Ng3 Nxg3 26. hxg3 Kf6 27. Kf1
Ke5 28. Ke2 Rb8 29. Ke3 b5 30. Rc2 bxc4 31. Rxc4 Kxd5 32. Rd1+ Kc6 33. Ra4 Ra8
34. Rd2 a5 35. Rxe4 Rxe4+ 36. Kxe4 a4 37. f4 axb3 38. axb3 Rb8 39. Rd3 Rb4+ 40.
Ke5 c4 41. bxc4 gxf4 42. gxf4 Rxc4 43. f5 Rc2 44. g3 Re2+ 45. Kf6 Kb5 46. Kg7
h5 47. f6 h4 48. f7 Rf2 49. g4 1-0

[Event "Open"]
[Site "Toscolano-Maderno ITA"]
[Date "1995.10.18"]
[Round "5"]
[White "Nurkic, Sahbaz"]
[Black "De Santis, Alessio"]
[Result "0-1"]
[WhiteElo "2420"]
[BlackElo "2260"]
[PlyCount "74"]
[EventDate "1995.10.14"]

1. e4 d6 2. d4 Nf6 3. Nc3 c6 4. f4 Qa5 5. e5 Ne4 6. Qf3 d5 7. Bd3 Na6 8. Nge2
Nb4 9. O-O Nxd3 10. cxd3 Nxc3 11. bxc3 g6 12. a4 h5 13. h3 h4 14. Ba3 Bf5 15.
Rfd1 e6 16. Bxf8 Kxf8 17. Rdb1 Rb8 18. Rb4 Kg7 19. Kh2 Qa6 20. Nc1 b6 21. Qe3
Rbc8 22. Ra2 c5 23. Rb5 c4 24. dxc4 Rxc4 25. Rb4 Rxb4 26. cxb4 Qc4 27. Rb2 Rc8
28. Ne2 Bd3 29. f5 exf5 30. Nf4 Be4 31. Qf2 g5 32. Nh5+ Kg6 33. Nf6 Qd3 34. Rd2
Qa3 35. Ra2 Qc1 36. Rd2 Rc3 37. Qe2 Rxh3+ 0-1

[Event "Open"]
[Site "Toscolano-Maderno ITA"]
[Date "1995.10.18"]
[Round "5"]
[White "Pipitone, Antonio"]
[Black "Peric, Slavisa"]
[Result "1/2-1/2"]
[WhiteElo "2125"]
[BlackElo "2250"]
[PlyCount "82"]
[EventDate "1995.10.14"]

1. e4 d5 2. exd5 Nf6 3. d4 Nxd5 4. Nf3 Bf5 5. Be2 e6 6. O-O Bd6 7. c4 Nf4 8. c5
Nxe2+ 9. Qxe2 Be7 10. Qb5+ Nd7 11. Qxb7 Qc8 12. Qc6 O-O 13. Bf4 Bd8 14. Nc3 a5
15. Rad1 Ra6 16. Qb5 c6 17. Qe2 Ra7 18. Bd6 Re8 19. d5 cxd5 20. Rxd5 Bf6 21.
Re1 Bxc3 22. bxc3 Ra8 23. Rd4 Nxc5 24. Rc4 Bd3 25. Rxc5 Bxe2 26. Rxc8 Raxc8 27.
Rxe2 Rxc3 28. h3 f6 29. Rb2 Rd8 30. Bf4 Rd7 31. Bd2 Ra3 32. Kf1 g5 33. Ke2 Kf7
34. Bxg5 Rxf3 35. Kxf3 fxg5 36. Ke4 Kf6 37. a4 h5 38. Rb5 Rd2 39. Ke3 Rd5 40.
Rb6 Ke5 41. Ra6 h4 1/2-1/2

[Event "Open"]
[Site "Toscolano-Maderno ITA"]
[Date "1995.10.19"]
[Round "6"]
[White "Coppini, Giorgio"]
[Black "Naumkin, Igor"]
[Result "1/2-1/2"]
[WhiteElo "2210"]
[BlackElo "2455"]
[PlyCount "65"]
[EventDate "1995.10.14"]

1. d4 d5 2. c4 c6 3. cxd5 cxd5 4. Nc3 Nf6 5. Nf3 Nc6 6. Bf4 a6 7. Ne5 e6 8. e3
Nxe5 9. dxe5 Ne4 10. Nxe4 dxe4 11. Qxd8+ Kxd8 12. O-O-O+ Bd7 13. Kb1 Kc7 14.
Be2 Be7 15. Rd4 Bc6 16. Rc1 Kb6 17. Bh5 g6 18. Bd1 Rhd8 19. Bc2 g5 20. Bg3 h5
21. h3 Rxd4 22. exd4 h4 23. Bh2 Rd8 24. Bg1 Ka5 25. Rd1 f6 26. exf6 Bxf6 27. f3
exf3 28. gxf3 e5 29. dxe5 Rxd1+ 30. Bxd1 Bxe5 31. Be2 Bd7 32. Bf1 Bc6 33. Be2
1/2-1/2

[Event "Open"]
[Site "Toscolano-Maderno ITA"]
[Date "1995.10.19"]
[Round "6"]
[White "De Santis, Alessio"]
[Black "Sulava, Nenad"]
[Result "0-1"]
[WhiteElo "2260"]
[BlackElo "2390"]
[PlyCount "71"]
[EventDate "1995.10.14"]

1. d4 Nf6 2. Nf3 d5 3. e3 c6 4. Bd3 Bg4 5. Nbd2 Nbd7 6. c4 e6 7. O-O Bd6 8. h3
Bf5 9. Bxf5 exf5 10. b3 O-O 11. Bb2 Re8 12. Qe2 Ne4 13. Rad1 Qf6 14. Qd3 a6 15.
cxd5 cxd5 16. Nb1 f4 17. exf4 Qxf4 18. Bc1 Qf5 19. Nc3 Re6 20. g4 Qg6 21. Nxd5
h5 22. Nh4 Qh7 23. g5 Nf8 24. f4 Rc8 25. f5 Ree8 26. Rf3 Rcd8 27. Nc3 Nxc3 28.
Qxc3 Re4 29. Ng2 Bb8 30. Kf1 h4 31. Ne3 Qh5 32. Ng4 Nh7 33. g6 fxg6 34. Qc4+
Kh8 35. fxg6 Nf6 36. Nxf6 0-1

[Event "Open"]
[Site "Toscolano-Maderno ITA"]
[Date "1995.10.19"]
[Round "6"]
[White "Di Lazzaro, Gabriele"]
[Black "Cugini, Verter"]
[Result "1/2-1/2"]
[WhiteElo "2115"]
[BlackElo "2235"]
[PlyCount "121"]
[EventDate "1995.10.14"]

1. Nf3 Nf6 2. g3 g6 3. b3 Bg7 4. Bb2 O-O 5. Bg2 d5 6. c4 c6 7. O-O Bf5 8. d3
Qb6 9. Nbd2 Rd8 10. Qc2 Ne8 11. e4 Bxb2 12. Qxb2 dxe4 13. dxe4 Bg4 14. h3 Bxf3
15. Nxf3 Na6 16. Rfd1 Nc5 17. Ne5 Nf6 18. Qe2 Ne6 19. Nd3 a5 20. Rd2 Rd4 21.
Qe3 Rad8 22. Rad1 Qc7 23. Kh2 Qb8 24. f4 Ng7 25. Ne5 Rxd2 26. Rxd2 Rxd2 27.
Qxd2 Qc7 28. c5 Ne6 29. Qc3 Qd8 30. b4 Qd4 31. Qxd4 Nxd4 32. bxa5 Ne6 33. a6
bxa6 34. Nxc6 Kf8 35. e5 Nd7 36. Bf1 Ndxc5 37. Nb4 a5 38. Nc6 a4 39. a3 Ke8 40.
Kg2 Kd7 41. Bb5 Nc7 42. Nd4+ Nxb5 43. Nxb5 Ne4 44. Kf3 Nd2+ 45. Ke2 Nb1 46. Kd3
Kc6 47. Kc4 Nd2+ 48. Kb4 Kd5 49. Nc3+ Kd4 50. Nxa4 Ne4 51. g4 g5 52. fxg5 Kxe5
53. Nb6 Nxg5 54. h4 Nf3 55. h5 Kd6 56. Nc4+ Kc6 57. Ne3 Ne5 58. a4 Nd3+ 59. Kc4
Nb2+ 60. Kb4 Nd3+ 61. Kc4 1/2-1/2

[Event "Open"]
[Site "Toscolano-Maderno ITA"]
[Date "1995.10.19"]
[Round "6"]
[White "Duarte, Riccardo"]
[Black "Pipitone, Antonio"]
[Result "1-0"]
[WhiteElo "2050"]
[BlackElo "2125"]
[PlyCount "55"]
[EventDate "1995.10.14"]

1. e4 c5 2. f4 d6 3. Bb5+ Bd7 4. Bxd7+ Qxd7 5. Nf3 Nc6 6. O-O Nf6 7. d3 e5 8.
Nc3 Be7 9. a3 Nd4 10. fxe5 Nxf3+ 11. Qxf3 dxe5 12. Nd5 Bd8 13. Qg3 Nxd5 14.
Qxg7 Rf8 15. Bh6 Be7 16. exd5 Qxd5 17. Qxh7 O-O-O 18. Bxf8 Bxf8 19. Qf5+ Kb8
20. Qe4 Qe6 21. Rae1 Bd6 22. Qf5 Qd5 23. Re4 Kc7 24. Qf6 Qa2 25. Rxe5 Bxe5 26.
Qxe5+ Kd7 27. Qxc5 Re8 28. Qd4+ 1-0

[Event "Open"]
[Site "Toscolano-Maderno ITA"]
[Date "1995.10.19"]
[Round "6"]
[White "Luciani, Carlo"]
[Black "Kania, Andreas"]
[Result "0-1"]
[WhiteElo "2285"]
[BlackElo "2235"]
[PlyCount "60"]
[EventDate "1995.10.14"]

1. e4 e6 2. d4 d5 3. Nd2 Nf6 4. e5 Nfd7 5. c3 c5 6. Bd3 Nc6 7. Ne2 cxd4 8. cxd4
f6 9. exf6 Nxf6 10. Nf3 Bd6 11. O-O O-O 12. Bg5 Bd7 13. a3 Kh8 14. Bh4 Be8 15.
Ng5 Qd7 16. Qb1 h6 17. Nh3 Nh5 18. Bg3 Nxg3 19. hxg3 e5 20. dxe5 Nxe5 21. Nhf4
Bc5 22. b4 Bb6 23. Nc3 Qg4 24. Ncxd5 Qxg3 25. Kh1 Qh4+ 26. Nh3 Bc6 27. Be4 Bxf2
28. Ra2 Ng4 29. Qb3 Bd4 30. Qd3 Qg3 0-1

[Event "Open"]
[Site "Toscolano-Maderno ITA"]
[Date "1995.10.19"]
[Round "6"]
[White "Medancic, Rikard"]
[Black "Sermek, Drazen"]
[Result "1/2-1/2"]
[WhiteElo "2340"]
[BlackElo "2490"]
[PlyCount "84"]
[EventDate "1995.10.14"]

1. d4 Nf6 2. Bg5 c5 3. Bxf6 gxf6 4. d5 Qb6 5. Qc1 f5 6. e3 Bg7 7. c3 d6 8. Nd2
Nd7 9. Ne2 Nf6 10. Nf4 e5 11. dxe6 fxe6 12. Be2 O-O 13. O-O Kh8 14. Bf3 Qd8 15.
g3 e5 16. Nd5 e4 17. Nxf6 Qxf6 18. Bg2 d5 19. Nb3 b6 20. Rd1 Be6 21. Rd2 Qh6
22. Qd1 Be5 23. Nc1 Qf6 24. Ne2 Rfd8 25. Qa4 Bd7 26. Qb3 Bc6 27. Rad1 Rd7 28.
a4 Rb8 29. Bf1 a5 30. Qc2 Rbd8 31. Qb3 Rb8 32. Qc2 Rbd8 33. Qb3 Bc7 34. Qc2 Kg7
35. Qb3 Rb8 36. c4 d4 37. exd4 cxd4 38. Rxd4 Rxd4 39. Nxd4 Rd8 40. Nxc6 Qxc6
41. Rd5 Rxd5 42. cxd5 Qc5 1/2-1/2

[Event "Open"]
[Site "Toscolano-Maderno ITA"]
[Date "1995.10.19"]
[Round "6"]
[White "Simon, Laurent"]
[Black "Nurkic, Sahbaz"]
[Result "0-1"]
[WhiteElo "2095"]
[BlackElo "2420"]
[PlyCount "44"]
[EventDate "1995.10.14"]

1. e4 g6 2. d4 Bg7 3. Nc3 c6 4. Nf3 Nf6 5. e5 Nd5 6. Nxd5 cxd5 7. Bd3 O-O 8. c3
d6 9. exd6 Qxd6 10. O-O Nc6 11. h3 Kh8 12. Re1 f6 13. Be3 e5 14. Bf1 e4 15. Nh2
f5 16. g3 Be6 17. Qd2 Bf7 18. h4 Rg8 19. Kh1 Bf6 20. Be2 Qd8 21. Bg5 Bxg5 22.
hxg5 f4 0-1

[Event "Open"]
[Site "Toscolano-Maderno ITA"]
[Date "1995.10.19"]
[Round "6"]
[White "Stantic, Severino"]
[Black "Rossi, Giampiero"]
[Result "0-1"]
[WhiteElo "1935"]
[BlackElo "2135"]
[PlyCount "149"]
[EventDate "1995.10.14"]

1. Nf3 d5 2. b3 Bf5 3. Bb2 e6 4. e3 Nf6 5. Be2 Be7 6. O-O O-O 7. d3 c5 8. Nbd2
Nc6 9. Ne5 Nxe5 10. Bxe5 Nd7 11. Bg3 Qa5 12. e4 Bg6 13. f4 Bf6 14. e5 Be7 15.
Bg4 b5 16. a4 b4 17. Qe2 Qb6 18. Rae1 Rfe8 19. Bf2 Rac8 20. Qe3 Qc6 21. Qh3 a5
22. Bf3 Nb6 23. Re2 Qc7 24. Kh1 c4 25. dxc4 dxc4 26. Bxb6 Qxb6 27. Nxc4 Rxc4
28. bxc4 Qd4 29. Bc6 Rd8 30. Qf3 Qxc4 31. Be4 Bxe4 32. Qxe4 Rd4 33. Qf3 g6 34.
g3 Bd8 35. Kg2 Rd5 36. Rd1 Bb6 37. Kh3 Qc7 38. Qb3 Rc5 39. Qd3 Rc3 40. Qb5 Qd8
41. Rb1 Rc5 42. Qa6 Rc3 43. Rg2 Qd4 44. Re2 Qxf4 45. Qa8+ Kg7 46. Kg2 Qc4 47.
Rbe1 Rxc2 48. Qf3 Rxe2+ 49. Rxe2 Qd4 50. Re4 Qd2+ 51. Re2 Qd4 52. Qf6+ Kg8 53.
Qf4 Qd1 54. Rd2 Qxa4 55. Rd6 Qc2+ 56. Kh3 Qf2 57. Qxf2 Bxf2 58. Ra6 b3 59. Rxa5
b2 60. Rb5 Bd4 61. Kg4 Bxe5 62. Kf3 Bf6 63. Ke4 Kg7 64. g4 g5 65. h3 Kg6 66.
Kf3 h6 67. Rb8 Bg7 68. Rb6 Bd4 69. Rb8 Be5 70. Rb6 Kf6 71. Rb5 Bd4 72. Rb7 e5
73. Rb8 Ke6 74. Re8+ Kd5 75. Rf8 0-1

[Event "Open"]
[Site "Toscolano-Maderno ITA"]
[Date "1995.10.20"]
[Round "7"]
[White "Gorelli Fagiolini, Marco"]
[Black "Dusi, Valerio"]
[Result "1-0"]
[WhiteElo "2074"]
[BlackElo "1905"]
[PlyCount "45"]
[EventDate "1995.10.14"]

1. d4 Nf6 2. c4 e6 3. Nc3 Bb4 4. Qc2 d6 5. Nf3 Nbd7 6. a3 Bxc3+ 7. Qxc3 Ne4 8.
Qc2 f5 9. g3 O-O 10. Bg2 a5 11. b3 Rb8 12. O-O c5 13. Bb2 b5 14. dxc5 Ndxc5 15.
Nd4 Bd7 16. b4 Na4 17. cxb5 Nxb2 18. Qxb2 Qf6 19. a4 e5 20. Nf3 axb4 21. Qxb4
g6 22. Nd2 Nc5 23. Nc4 1-0

[Event "Open"]
[Site "Toscolano-Maderno ITA"]
[Date "1995.10.20"]
[Round "7"]
[White "Kania, Andreas"]
[Black "Di Lazzaro, Gabriele"]
[Result "1/2-1/2"]
[WhiteElo "2235"]
[BlackElo "2115"]
[PlyCount "37"]
[EventDate "1995.10.14"]

1. d4 g6 2. g3 Bg7 3. Bg2 d6 4. c4 Nc6 5. e3 e5 6. Ne2 Nh6 7. Nbc3 O-O 8. d5
Ne7 9. Qc2 f5 10. f4 Rb8 11. h3 a6 12. Bd2 b5 13. Nxb5 axb5 14. b4 Bd7 15. Rc1
c6 16. Qb3 Kh8 17. dxc6 Bxc6 18. Bxc6 Nxc6 19. O-O 1/2-1/2

[Event "Open"]
[Site "Toscolano-Maderno ITA"]
[Date "1995.10.20"]
[Round "7"]
[White "Luciani, Carlo"]
[Black "Agnelli, Francesco"]
[Result "1-0"]
[WhiteElo "2285"]
[BlackElo "1979"]
[PlyCount "71"]
[EventDate "1995.10.14"]

1. e4 c5 2. Nf3 Nc6 3. d4 cxd4 4. Nxd4 Nf6 5. Nc3 e5 6. Ndb5 d6 7. a4 Be6 8.
Bg5 a6 9. Na3 Rc8 10. Nc4 Nd4 11. Ne3 Be7 12. Bd3 O-O 13. O-O h6 14. Bxf6 Bxf6
15. Ncd5 Bg5 16. c3 Bxe3 17. fxe3 Nc6 18. Be2 Bxd5 19. Qxd5 Qb6 20. Qd3 Na5 21.
b4 Nc4 22. Rf3 a5 23. Rb1 Qc6 24. Bd1 Kh8 25. Bb3 f6 26. Rff1 Rfd8 27. Rfd1 Na3
28. Ra1 Nc4 29. Ra2 b5 30. axb5 Qxb5 31. Rxa5 Qc6 32. Ra2 Rc7 33. h3 Nb6 34.
Ra6 Qb7 35. Qb5 Rxc3 36. Bd5 1-0

[Event "Open"]
[Site "Toscolano-Maderno ITA"]
[Date "1995.10.20"]
[Round "7"]
[White "Nurkic, Sahbaz"]
[Black "Naumkin, Igor"]
[Result "1/2-1/2"]
[WhiteElo "2420"]
[BlackElo "2455"]
[PlyCount "62"]
[EventDate "1995.10.14"]

1. e4 e6 2. d3 d5 3. Nd2 c5 4. g3 Nc6 5. Bg2 g6 6. Ne2 Bg7 7. O-O Nge7 8. c3
O-O 9. Qc2 e5 10. f4 Bg4 11. Nf3 dxe4 12. dxe4 exf4 13. gxf4 Qc7 14. Be3 b6 15.
Rad1 Rad8 16. h3 Bc8 17. c4 a6 18. Nc3 Nd4 19. Qf2 Nxf3+ 20. Qxf3 Bxc3 21. bxc3
f5 22. e5 Be6 23. Qe2 Rxd1 24. Rxd1 Rd8 25. Rb1 Nc8 26. Bf2 Qe7 27. Kh2 Rd7 28.
Bc6 Rd8 29. Bg2 Rd7 30. Bc6 Rd8 31. Bg2 Rd7 1/2-1/2

[Event "Open"]
[Site "Toscolano-Maderno ITA"]
[Date "1995.10.20"]
[Round "7"]
[White "Pipitone, Antonio"]
[Black "Simon, Laurent"]
[Result "0-1"]
[WhiteElo "2125"]
[BlackElo "2095"]
[PlyCount "69"]
[EventDate "1995.10.14"]

1. e4 e5 2. Nf3 Nc6 3. Bb5 Nge7 4. Nc3 Ng6 5. d4 exd4 6. Nxd4 Bc5 7. Be3 Bxd4
8. Bxd4 O-O 9. Be3 d6 10. O-O Kh8 11. f4 f5 12. exf5 Bxf5 13. g4 Bd7 14. Be2
Nce7 15. f5 Ne5 16. Bg5 Qe8 17. f6 Ng8 18. fxg7+ Kxg7 19. Rxf8 Qxf8 20. Nd5 c6
21. Nf4 Nf6 22. Bxf6+ Kxf6 23. Qd4 Ke7 24. Rf1 Qg8 25. c3 Bxg4 26. Bxg4 Qxg4+
27. Kh1 Rf8 28. Qe4 Rf7 29. c4 Kd7 30. c5 Ng6 31. Qd3 Rxf4 32. Qxd6+ Kc8 33.
Rxf4 Qxf4 34. Qe6+ Kc7 35. b4 0-1

[Event "Open"]
[Site "Toscolano-Maderno ITA"]
[Date "1995.10.20"]
[Round "7"]
[White "Rossi, Giampiero"]
[Black "Duarte, Riccardo"]
[Result "1/2-1/2"]
[WhiteElo "2135"]
[BlackElo "2050"]
[PlyCount "167"]
[EventDate "1995.10.14"]

1. d4 b5 2. Bf4 Bb7 3. e3 a6 4. Nf3 d5 5. Nbd2 e6 6. Bd3 Nd7 7. O-O c5 8. c3
Ngf6 9. h3 c4 10. Bc2 Be7 11. Qe2 O-O 12. a3 h6 13. Ne5 Nxe5 14. dxe5 Nd7 15.
Qg4 Bg5 16. Bxg5 Qxg5 17. Qxg5 hxg5 18. Nf3 f6 19. exf6 gxf6 20. Rad1 Nc5 21.
Rfe1 Kf7 22. Kf1 Rg8 23. Ke2 g4 24. hxg4 Rxg4 25. g3 Rh8 26. Rh1 Rhg8 27. Rh4
Rxh4 28. Nxh4 f5 29. Nf3 Kg7 30. Rh1 Rh8 31. Rxh8 Kxh8 32. Nd4 Kg7 33. f4 Kf6
34. Kf3 Nd7 35. Kg2 Nc5 36. Kh3 Bc8 37. Kh4 e5 38. Nf3 e4 39. Nd4 Bd7 40. b4
Nd3 41. Bd1 Nc1 42. Bh5 Nb3 43. Nxb3 cxb3 44. Bd1 b2 45. Bc2 Ke7 46. Kh3 Be6
47. Bb1 d4 48. cxd4 Bc4 49. g4 fxg4+ 50. Kxg4 Bd3 51. Ba2 Kf6 52. f5 b1=Q 53.
Bxb1 Bxb1 54. Kf4 Bd3 55. d5 Bc2 56. d6 Bd3 57. Kg4 Bc4 58. Kf4 Bd5 59. Kg4 Bc6
60. Kf4 Bb7 61. Kg4 Bc8 62. Kf4 Bxf5 63. d7 Bxd7 64. Kxe4 Ke6 65. Kd4 Kd6 66.
e4 Bc6 67. e5+ Kc7 68. Kc5 Bf3 69. a4 bxa4 70. Kc4 Bd5+ 71. Kc3 a3 72. Kc2 Kd7
73. Kb1 Ke6 74. Ka1 Kxe5 75. Kb1 Kd4 76. Ka1 Kc3 77. Kb1 Kxb4 78. Ka1 Be4 79.
Ka2 Bc2 80. Ka1 Bd1 81. Ka2 a5 82. Ka1 Kc3 83. Ka2 Kc2 84. Ka1 1/2-1/2

[Event "Open"]
[Site "Toscolano-Maderno ITA"]
[Date "1995.10.20"]
[Round "7"]
[White "Sermek, Drazen"]
[Black "Coppini, Giorgio"]
[Result "1-0"]
[WhiteElo "2490"]
[BlackElo "2210"]
[PlyCount "45"]
[EventDate "1995.10.14"]

1. e4 d6 2. d4 Nf6 3. Nc3 g6 4. Bg5 c6 5. Qd2 Bg7 6. f4 O-O 7. Bd3 Nbd7 8. Nf3
Re8 9. O-O Qc7 10. e5 Nd5 11. Nxd5 cxd5 12. Rae1 f6 13. f5 dxe5 14. fxg6 e4 15.
gxh7+ Kxh7 16. Nh4 Nf8 17. Bf4 e5 18. Bb5 exf4 19. Bxe8 Bg4 20. Qxf4 Qxf4 21.
Rxf4 f5 22. Bf7 Bxd4+ 23. Kh1 1-0

[Event "Open"]
[Site "Toscolano-Maderno ITA"]
[Date "1995.10.20"]
[Round "7"]
[White "Sulava, Nenad"]
[Black "Medancic, Rikard"]
[Result "1-0"]
[WhiteElo "2390"]
[BlackElo "2340"]
[PlyCount "83"]
[EventDate "1995.10.14"]

1. d4 d5 2. c4 c6 3. Nc3 Nf6 4. Nf3 Nbd7 5. cxd5 cxd5 6. Bf4 Qa5 7. e3 Ne4 8.
Qb3 e6 9. Bd3 Nxc3 10. bxc3 Be7 11. O-O O-O 12. Rfe1 h6 13. e4 dxe4 14. Rxe4
Qa3 15. Qc2 Nf6 16. Re2 Bd7 17. c4 Rfe8 18. Ne5 Ba4 19. Qd2 Bf8 20. Bxh6 gxh6
21. Re3 Qe7 22. Rg3+ Kh8 23. Bg6 Bg7 24. Re1 Rf8 25. Bxf7 Qxf7 26. Nxf7+ Rxf7
27. Rxe6 Re8 28. Rxe8+ Bxe8 29. Re3 b5 30. Qe2 Bd7 31. cxb5 Nd5 32. Qc4 Rf5 33.
Ra3 Nb6 34. Qd3 Rd5 35. h3 Bxb5 36. Qg6 Rg5 37. Qd6 Rd5 38. Qb8+ Kh7 39. Rxa7
Nd7 40. Qf4 Bd3 41. Qf7 Rxd4 42. Rxd7 1-0

[Event "Open"]
[Site "Toscolano-Maderno ITA"]
[Date "1995.10.21"]
[Round "8"]
[White "Agnelli, Francesco"]
[Black "Peric, Slavisa"]
[Result "1-0"]
[WhiteElo "1979"]
[BlackElo "2250"]
[PlyCount "81"]
[EventDate "1995.10.14"]

1. e4 d6 2. d4 g6 3. Nc3 Bg7 4. Be3 c5 5. Qd2 Nd7 6. f3 Qa5 7. Nge2 a6 8. Nc1
Rb8 9. Nb3 Qc7 10. O-O-O b5 11. g4 h5 12. Qf2 Nb6 13. g5 e6 14. f4 Nc4 15. Bd3
Ne7 16. Rhf1 Bd7 17. Qe2 Nxe3 18. Qxe3 Kd8 19. e5 Nd5 20. Qd2 Nxc3 21. Qxc3 d5
22. Nxc5 Be8 23. a3 Bf8 24. b4 Bxc5 25. dxc5 Ke7 26. Rde1 Bd7 27. f5 gxf5 28.
Bxf5 Rbg8 29. h4 exf5 30. e6 Bxe6 31. Qf6+ Kd7 32. Rxf5 Rh7 33. Rf3 Rg6 34. Qd4
Qc8 35. Kb1 Qh8 36. Qf4 Qf8 37. a4 Rh8 38. axb5 axb5 39. Ra3 Qb8 40. Qd4 Qb7
41. Qxh8 1-0

[Event "Open"]
[Site "Toscolano-Maderno ITA"]
[Date "1995.10.21"]
[Round "8"]
[White "Cugini, Verter"]
[Black "Sulava, Nenad"]
[Result "0-1"]
[WhiteElo "2235"]
[BlackElo "2390"]
[PlyCount "94"]
[EventDate "1995.10.14"]

1. e4 d5 2. exd5 Nf6 3. d4 Nxd5 4. c4 Nb6 5. Nc3 e5 6. dxe5 Qxd1+ 7. Kxd1 Be6
8. b3 Nc6 9. Nf3 O-O-O+ 10. Kc2 Bc5 11. Be3 Ba3 12. Nb5 Bf5+ 13. Kc3 Bb4+ 14.
Kb2 Rhe8 15. a3 Bf8 16. Nbd4 Nxd4 17. Nxd4 Bg6 18. Nf3 Nd7 19. Be2 Bh5 20. Rad1
g6 21. h3 Bxf3 22. Bxf3 Nxe5 23. Rxd8+ Rxd8 24. Be2 a5 25. Rd1 Rxd1 26. Bxd1
Nd3+ 27. Ka2 Bc5 28. Bxc5 Nxc5 29. Bc2 Ne6 30. g3 c5 31. Be4 Nd4 32. Kb2 Kc7
33. Kc3 b6 34. b4 f5 35. bxc5 bxc5 36. Bd5 Kd6 37. Kd3 Ke5 38. a4 f4 39. Bg8 h6
40. Bf7 fxg3 41. fxg3 g5 42. Bd5 Nf5 43. g4 Ne7 44. Bg2 Kf4 45. Be4 Ng8 46. Bf5
Nf6 47. Ke2 h5 0-1

[Event "Open"]
[Site "Toscolano-Maderno ITA"]
[Date "1995.10.21"]
[Round "8"]
[White "De Santis, Alessio"]
[Black "Duarte, Riccardo"]
[Result "1-0"]
[WhiteElo "2260"]
[BlackElo "2050"]
[PlyCount "63"]
[EventDate "1995.10.14"]

1. d4 d5 2. Nf3 Nf6 3. e3 e6 4. Bd3 Nbd7 5. Nbd2 c5 6. c3 b6 7. O-O Bb7 8. Ne5
c4 9. Bc2 a6 10. f4 Qc7 11. Qf3 g6 12. g4 Bg7 13. Rf2 Ng8 14. e4 Ngf6 15. Nxd7
Nxd7 16. f5 dxe4 17. Bxe4 Bxe4 18. Qxe4 O-O-O 19. fxe6 fxe6 20. Rf7 Bh6 21.
Nxc4 Qxc4 22. Bxh6 Qd5 23. Re1 Qxe4 24. Rxe4 Rde8 25. b3 Kc7 26. Kf2 Kc6 27.
Ke3 e5 28. Bg7 exd4+ 29. cxd4 Rxe4+ 30. Kxe4 Re8+ 31. Be5 h6 32. d5+ 1-0

[Event "Open"]
[Site "Toscolano-Maderno ITA"]
[Date "1995.10.21"]
[Round "8"]
[White "Di Lazzaro, Gabriele"]
[Black "Luciani, Carlo"]
[Result "0-1"]
[WhiteElo "2115"]
[BlackElo "2285"]
[PlyCount "82"]
[EventDate "1995.10.14"]

1. Nf3 g6 2. g3 Bg7 3. Bg2 c5 4. d4 cxd4 5. Nxd4 Nc6 6. c3 h5 7. Nxc6 bxc6 8.
Nd2 h4 9. Nb3 Qc7 10. Bf4 d6 11. Na5 Bd7 12. Qa4 Rc8 13. Qa3 Bh6 14. Bxh6 Nxh6
15. O-O-O Ng4 16. Rdf1 Rh5 17. Nb3 Rb5 18. Be4 c5 19. c4 Rb4 20. Nd2 e6 21.
gxh4 Ra4 22. Qg3 Nf6 23. Bb1 Bc6 24. Rhg1 Qe7 25. e4 e5 26. b3 Rb4 27. f4 Nh5
28. Qg4 Bd7 29. f5 Nf4 30. Qf3 Qxh4 31. fxg6 fxg6 32. Qf2 Qxf2 33. Rxf2 Nh3 34.
Rfg2 Nxg1 35. Rxg1 Kf7 36. Nf1 Rh8 37. Rg2 Rh3 38. Kd2 Rb8 39. Bd3 Rbh8 40. Be2
R3h4 41. Bf3 Bh3 0-1